000 00406nam a2200169Ia 4500
005 20250423100851.0
008 250422s9999 xx 000 0 und d
020 _a0- 470- 84766- 2
050 _aQA 76.54 .C68/
100 _aFrancis Cottet
245 0 _aScheduling in real- time systems
260 _bJohn Wiley and Sons
260 _c2002
300 _a266 p
650 _aScheduling
942 _cBK
999 _c34585
_d34585